书目信息 |
| 题名: |
儿童美术创意训练手册
|
|
| 作者: | 梅斯基 著 ;赵吟剑 译 | |
| 分册: | 黏土、橡皮泥和模具 | |
| 出版信息: | 长沙 湖南美术出版社 2011 |
|
| 页数: | 51页 | |
| 开本: | 24cm | |
| 丛书名: | 圣智学习 | |
| 单 册: | ||
| 中图分类: | G613.6 , J529 | |
| 科图分类: | ||
| 主题词: | 手工课--学前教育--教学参考资料 , 手工艺品--制作--少年读物 | |
| 电子资源: | ||
| ISBN: | 978-7-5356-4741-2 | |
| 000 | 00949oam2 2200289 450 | |
| 001 | 1557261971 | |
| 005 | 20150131155433.46 | |
| 010 | @a978-7-5356-4741-2@dCNY15.80 | |
| 100 | @a20120422d2011 cd y0chiy0110 ea | |
| 101 | 1 | @achi@ceng |
| 102 | @aCN@b430000 | |
| 105 | @aa z 000yy | |
| 200 | 1 | @a儿童美术创意训练手册@9er tong mei shu chuang yi xun lian shou ce@i黏土、橡皮泥和模具@f(美)玛丽 梅斯基著@g赵吟剑译 |
| 210 | @a长沙@c湖南美术出版社@d2011 | |
| 215 | @a51页@c图@d24cm | |
| 225 | 2 | @a圣智学习@dCengage learning |
| 300 | @a其他题名:黏土、橡皮泥和模具 | |
| 461 | 0 | @12001 @a圣智学习 |
| 517 | 1 | @a黏土、橡皮泥和模具@9nian tu、 xiang pi ni he mu ju |
| 606 | 0 | @a手工课@x学前教育@x教学参考资料 |
| 606 | 0 | @a手工艺品@x制作@j少年读物 |
| 690 | @aG613.6@v5 | |
| 690 | @aJ529@v5 | |
| 701 | 0 | @c(美)@a梅斯基@9mei si ji@b玛丽@4著 |
| 702 | 0 | @a赵吟剑@9zhao yin jian@4译 |
| 801 | 0 | @aCN@bTSSF@c20150131 |
| 905 | @aZUCC@dG613.6@eJY14 | |
| 儿童美术创意训练手册.黏土、橡皮泥和模具/(美)玛丽 梅斯基著/赵吟剑译.-长沙:湖南美术出版社,2011 |
| 51页:图;24cm.-(圣智学习=Cengage learning) |
| 其他题名:黏土、橡皮泥和模具 |
| ISBN 978-7-5356-4741-2:CNY15.80 |
| ● |
| 相关链接 |
|
|
|
|
正题名:儿童美术创意训练手册
索取号:G613.6/JY14
 
预约/预借
| 序号 | 登录号 | 条形码 | 馆藏地/架位号 | 状态 | 备注 |
| 1 | 7846474 | 278464742 | 学院路分馆/ [索取号:G613.6/JY14] | 在馆 |